000 00719cab a2200181 4500
001 ##L131285
008 050712n2005 000 0 eng u
035 _a(Sirsi) u131285
041 0 _aeng
245 0 0 _aCosts fall for second quarter in succession
260 _c2005
490 0 _aConstruction News
_v(6936) 22 September 2005, 16(1)
520 _aFigures from the EC Harris "Construction News" Contractors' Input Cost Index show that, for the first time, material prices and labour rates have fallen for a second quarter in succession. Tables and graph.
590 _aIKA251005
650 2 4 _aEC HARRIS CONSTRUCTION NEWS CONTRACTORS INPUT COST INDEX
690 _aBUILT ENVIRONMENT-BUILDING COSTS
942 _n0
999 _c76023
_d76023